00828nam a22002175a 450000500170000000800410001704000250005804100080008304400070009108200180009810000290011624500770014526000470022230000110026965000450028065000460032565000380037194200150040999900170042495201690044120150828144613.0150727s2006 ck gr f000 0dspa d aCO-BoIAVHcCO-BoIAVH0 aspa ack04a333.954bG56n1 aGómez Mejía, Alberto10aNormativa sobre fauna silvestre de Colombia / cAlberto Gómez Mejía. aBogotá (Colombia):bAuros Copias,c2006. a176 p. 6aFauna silvestrexLegislaciónzColombia 6aFauna silvestrexConservaciónzColombia 6aFauna silvestrexManejozColombia 2ddccLIBRO c17730d17730 00102ddc40708GENERALIINV2017aBogotabBogotad2015-08-28eInstitutog20000.00l0oLB-333.954 G56np038748r2015-08-28 00:00:00tEj. 1w2015-08-28xCanjeyLIBRO